Graduan.
| Published: |
Ampang, Selangor:
BIZ Connexion Sdn. Bhd.
|
|---|---|
| Subjects: |
| LEADER | 00548cam a2200169 7i4500 | ||
|---|---|---|---|
| 001 | 0000019297 | ||
| 005 | 20150204090000.0 | ||
| 020 | |a 13940562 (pbk.) | ||
| 090 | 0 | 0 | |a HF5384 |b .G73 |
| 245 | 1 | 0 | |a Graduan. |
| 246 | 3 | |a Aspirasi Graduan. | |
| 260 | |a Ampang, Selangor: |b BIZ Connexion Sdn. Bhd. | ||
| 300 | |a 1v. (various paging): |b col. ill.; |c 25 cm. | ||
| 650 | 0 | 0 | |a Career development |
| 650 | 0 | 0 | |a Career changes |
| 999 | |a 0000047657 |b BOK |c REFERENCE |e Ground Floor, Bestari Jaya | ||
| 999 | |a MRA0000366 |b BOK |c MOHD RAZALI AGUS COLLECTION |e Ground Floor, Bestari Jaya | ||